00919nam a22002657a 450000500170000001000130001702000220003003500130005203700160006504000120008108200170009310000280011024500870013824600060022526000470023127000550027830000200033350000200035350500420037365000280041565000410044394200260048499900190051095201240052920170124110158.0 aA-896873 c00.00a0195641566 aA-896873 bCen Lib/Ret aDPLbEN a150.195bROT aRoth, Michael S.935443 aPsycho-analysis as history :cby Michael S. Roth bnegation and freedom in freud / b  bOxford University Press aNew Delhi c1997 bNew Delhi aYMCA building, jai singh road e110001 a204p.c19cm(Hb) aIncludes index  awith a new Postscript Michael s. Roth aPsychoanalysis. 935445 aFreud, Sigmund, -- 1856-1939.939108 2ddccENh150.195mROT c132676d132676 00104070aLbLd2015-07-23eCen Lib/Retg0.00l0o150.195 ROTpA-896873r2015-07-23 00:00:00t1v0.00w2016-09-15yEN